| 000 | 00730nam a2200277Ia 4500 | ||
|---|---|---|---|
| 005 | 20260324134009.0 | ||
| 008 | 008 260324s9999 xx 000 0 eng d | ||
| 020 | _a9781315213958 | ||
| 037 | _aEBOOK | ||
| 040 | _aCRL | ||
| 040 | _beng | ||
| 040 | _cCRL | ||
| 041 | _2eng | ||
| 041 | _aeng | ||
| 084 | _qCRL | ||
| 100 |
_aKatsumi Tanaka; Shunsuke Uemura; Akifumi Makinouchi; Yoshifumi Masunaga; Yahiko Kambayashi; Masaru Kitsuregawa _91195186 |
||
| 245 | 0 | _aNontraditional Database Systems | |
| 260 | _bTaylor and Francis | ||
| 260 | _c2002 | ||
| 365 | _a | ||
| 365 | _b370 | ||
| 856 | _uhttp://www.taylorfrancis.com/books/9781315213958 | ||
| 942 | _cEBOOK | ||
| 999 |
_c1794799 _d1794799 |
||